| 000 | 00968nam a22002057a 4500 | ||
|---|---|---|---|
| 999 |
_c60942 _d60942 |
||
| 005 | 20231127113758.0 | ||
| 008 | 231127s1983 ru ||||| |||| 00| 0 rus d | ||
| 041 | _arus | ||
| 080 | _a736.22(3) H-40 | ||
| 100 |
_aНеверов, О.Я. _920485 |
||
| 245 |
_aГеммы античного мира / _cО.Я. Неверов; Ответственный редактор Н.А. Сидорова; Академия наук СССР. |
||
| 264 |
_aМосква : _bНаука, _c1983. |
||
| 300 |
_a144 с.: _bил. ; _c20 см. |
||
| 440 |
_aСерия "Из истории мировой культуры" _920486 |
||
| 521 | _aბიბლიოგრფია თავების ბოლოს და გვ. 143. | ||
| 653 | _aანტიკური გემმები | ||
| 700 |
_aСидорова, Н.А. _eОтветственный редактор _920090 |
||
| 710 |
_aАкадемия наук СССР. _920487 |
||
| 942 |
_2udc _cᲬᲘᲒᲜᲘ |
||